00329nam a2200121Ia 4500008004100000041001200041082001100053100000600064245006300070260005400133300000800187650001200195221030s9999 xx 000 0 und d aEnglish a105.23 a- 0aProceedings of National Seminar On Energy Managementcby - bInstitution Of Engineers (India)aAllahabadc1995 a897 aGeneral